| 000 | 01001nmc a2200361 a 4500 | ||
|---|---|---|---|
| 003 | AR-BaBNM | ||
| 005 | 20251128210403.0 | ||
| 008 | 130020s1994 ||||||||||||||000 | spa|| | ||
| 020 | _a950-9413-10-0 | ||
| 040 | _cAR-BaBNM | ||
| 100 | 1 |
_aColuccio, Félix _d1911-2005 |
|
| 245 | 1 | 0 | _aCultos y canonizaciones populares de Argentina |
| 250 | _a2ª ed. | ||
| 260 |
_aBuenos Aires _bEdiciones del Sol _c1994 |
||
| 300 | 0 |
_a200 p. _bil. |
|
| 490 | 0 |
_aBiblioteca de cultura popular _vv. 6 |
|
| 500 | 0 | _aContiene referencias bibliográficas en p. 197 | |
| 650 | 4 | _aFOLKLORE | |
| 650 | 4 | _aANTROPOLOGIA CULTURAL Y SOCIAL | |
| 650 | 4 | _aFIESTAS RELIGIOSAS | |
| 650 | 4 | _aRELIGION | |
| 650 | 4 | _aCOSTUMBRES Y TRADICIONES | |
| 650 | 4 | _aETNOGRAFIA | |
| 650 | 4 | _aPRACTICA RELIGIOSA | |
| 650 | 4 | _aCREENCIA RELIGIOSA | |
| 650 | 4 | _aMISTICISMO | |
| 650 | 4 | _aRITOS | |
| 650 | 4 | _aSUPERSTICION | |
| 651 | 4 | _aArgentina | |
| 800 | 1 |
_aColombres, Adolfo _edirector |
|
| 942 | _cBK | ||
| 998 | _cMARTIN | ||
| 999 |
_c15267 _d15267 |
||